Suomen presidenttiehdokkaat 2024 - Statistics

Yleistilastot
  • Tätä visaa on pelattu 115 kertaa
  • Keskiarvotulos 7 / 9
Vastaustilastot
Puolue Ehdokas % Oikein
Kokoomus Alexander Stubb
93%
Valitsijayhdistys/Vihreät Pekka Haavisto
92%
Liike Nyt Harry Harkimo
91%
Vasemmistoliitto Li Andersson
85%
Perussuomalaiset Jussi Halla-aho
84%
Kristillisdemokraatit Sari Essayah
80%
Sosiaalidemokraatit Jutta Urpilainen
75%
Valitsijayhdistys/Keskusta Olli Rehn
72%
Valitsijayhdistys Mika Aaltola
65%
Ehtoja vastaavia visoja ei löytynyt
Tulosjakauma
Jokaisen tuloksen saaneiden osuus
Persentiili vastausten määrän mukaan
Tuloshistoriasi
Et ole pelannut tätä visaa